[Event "Titled Tuesday intern op 06th Feb Early"]
[Site "Chess.com INT"]
[Date "2024.02.06"]
[Round "7"]
[White "Kozionov, Kirill"]
[Black "Yashmetov, Mikhail"]
[Result "1-0"]
[WhiteElo "2444"]
[BlackElo "2307"]
[PlyCount "63"]
[EventDate "2024.02.06"]
[EventType "swiss (blitz)"]
[EventRounds "11"]
[EventCountry "USA"]
[SourceTitle "CB07_2024"]
[SourceDate "2024.02.14"]
[SourceVersion "1"]
[SourceVersionDate "2024.02.14"]
[SourceQuality "1"]

1. e4 c6 2. Nc3 d5 3. d4 dxe4 4. Nxe4 Nf6 5. Ng3 h5 6. N3e2 Bg4 7. h3 Bf5 8. Nf3 e6 9. Ng3 Bh7 10. c3 c5 11. Bb5+ Nc6 12. Ne5 Qd5 13. Qa4 Rc8 14. Qxa7 Bd6 15. Qxb7 Bxe5 16. Qxc8+ Ke7 17. Qxc6 Qxc6 18. Bxc6 cxd4 19. cxd4 Bxd4 20. Be3 Bxb2 21. Bc5+ Kd8 22. Rd1+ Kc7 23. Bb5 Rb8 24. a4 Kc8 25. 0-0 Be5 26. Rfe1 Bf4 27. Ne2 Bc7 28. Nd4 Be5 29. Rxe5 Nd5 30. Nc6 Rb7 31. Nb4 Nc3 32. Rc1 1-0

[Event "Titled Tuesday intern op 06th Feb Early"]
[Site "Chess.com INT"]
[Date "2024.02.06"]
[Round "11"]
[White "Voicu, Teodor Mihnea"]
[Black "Yashmetov, Mikhail"]
[Result "1-0"]
[WhiteElo "2145"]
[BlackElo "2307"]
[PlyCount "131"]
[EventDate "2024.02.06"]
[EventType "swiss (blitz)"]
[EventRounds "11"]
[EventCountry "USA"]
[SourceTitle "CB07_2024"]
[SourceDate "2024.02.14"]
[SourceVersion "1"]
[SourceVersionDate "2024.02.14"]
[SourceQuality "1"]

1. d4 Nf6 2. c4 e6 3. Nc3 Bb4 4. e3 c5 5. a3 Bxc3+ 6. bxc3 0-0 7. Bd3 Nc6 8. Nf3 d6 9. 0-0 e5 10. d5 Ne7 11. e4 Ng6 12. Qe2 h6 13. Be3 Nh5 14. Qd2 Bg4 15. Ne1 Nhf4 16. f3 Bd7 17. Bc2 Qf6 18. g3 Nh3+ 19. Kh1 Rae8 20. Bd3 Kh8 21. Ng2 Rg8 22. Bxh6 Kh7 23. Be3 Rh8 24. f4 Kg8 25. f5 Ne7 26. Be2 g5 27. Bg4 Qh6 28. Ne1 f6 29. Qg2 Kg7 30. Nf3 Rh7 31. Bxh3 Qxh3 32. Qxh3 Rxh3 33. Nxg5 fxg5 34. f6+ Kg6 35. fxe7 Rxe7 36. Kg2 Reh7 37. Bg1 R3h6 38. Rf2 Bh3+ 39. Kh1 Rf7 40. Raa2 Rxf2 41. Rxf2 Kg7 42. Rf3 b6 43. Be3 Bg4 44. Rf2 Rf6 45. Kg2 Kg6 46. Rxf6+ Kxf6 47. h3 Be2 48. Kf2 Bxc4 49. Kf3 Bd3 50. Bd2 a5 51. Bc1 b5 52. Bd2 Bc2 53. Ke3 Kg6 54. Kf3 Kf6 55. Bc1 Bd1+ 56. Ke3 Kg6 57. Kd2 Bf3 58. Ke3 Bg2 59. h4 gxh4 60. gxh4 Kh5 61. c4 bxc4 62. Bd2 a4 63. Ba5 Kxh4 64. Bc7 c3 65. Bxd6 Bxe4 66. Be7+ 1-0

[Event "Titled Tuesday intern op 12th Dec Early"]
[Site "Chess.com INT"]
[Date "2023.12.12"]
[Round "8"]
[White "Botea, David Alexandru"]
[Black "Yashmetov, Mikhail"]
[Result "0-1"]
[WhiteElo "2081"]
[BlackElo "2307"]
[PlyCount "64"]
[EventDate "2023.12.12"]
[EventType "swiss (blitz)"]
[EventRounds "11"]
[EventCountry "USA"]
[SourceTitle "CB51_2023"]
[SourceDate "2023.12.20"]
[SourceVersion "1"]
[SourceVersionDate "2023.12.20"]
[SourceQuality "1"]

1. c4 c5 2. Nf3 Nc6 3. g3 g6 4. Bg2 Bg7 5. 0-0 Nh6 6. Nc3 0-0 7. e4 e5 8. d3 d6 9. Ng5 f6 10. Nh3 Bg4 11. f3 Be6 12. f4 Qd7 13. Nf2 f5 14. Nd5 Nd4 15. Be3 Bxd5 16. cxd5 exf4 17. Bxf4 Rae8 18. Qd2 Nf7 19. Rae1 Ne5 20. Nd1 Qb5 21. Re3 Ng4 22. Ree1 Ne5 23. Re3 fxe4 24. dxe4 g5 25. Nc3 gxf4 26. Nxb5 fxe3 27. Qxe3 Nxb5 28. Rf4 Nd4 29. h4 Bh6 30. Rxf8+ Bxf8 31. Qg5+ Bg7 32. Bh3 Ndf3+ 0-1

[Event "Titled Tuesday intern op 12th Dec Early"]
[Site "Chess.com INT"]
[Date "2023.12.12"]
[Round "3"]
[White "Rodriguez Avila, Alvaro"]
[Black "Yashmetov, Mikhail"]
[Result "1-0"]
[WhiteElo "2176"]
[BlackElo "2307"]
[PlyCount "67"]
[EventDate "2023.12.12"]
[EventType "swiss (blitz)"]
[EventRounds "11"]
[EventCountry "USA"]
[SourceTitle "CB51_2023"]
[SourceDate "2023.12.20"]
[SourceVersion "1"]
[SourceVersionDate "2023.12.20"]
[SourceQuality "1"]

1. e4 c6 2. d4 d5 3. e5 Bf5 4. h4 h6 5. Bd3 Bxd3 6. Qxd3 e6 7. Ne2 c5 8. c3 Nc6 9. a3 Rc8 10. Nd2 Qb6 11. b4 cxd4 12. cxd4 Nge7 13. Nf3 g6 14. h5 g5 15. 0-0 Bg7 16. Nh2 Nf5 17. Be3 0-0 18. Ng4 Qd8 19. Ng3 Nce7 20. Nf6+ Kh8 21. Rac1 Rxc1 22. Rxc1 a6 23. a4 Qb6 24. Nd7 Qd8 25. Nxf8 Qxf8 26. Rc7 Qb8 27. Qc2 Nxg3 28. fxg3 Bf8 29. g4 Kg7 30. b5 axb5 31. axb5 Nc6 32. Qg6+ Kh8 33. Rxf7 Ne7 34. Qh7# 1-0

[Event "Titled Tuesday intern op 12th Dec Early"]
[Site "Chess.com INT"]
[Date "2023.12.12"]
[Round "5"]
[White "Sarkar, Justin"]
[Black "Yashmetov, Mikhail"]
[Result "0-1"]
[WhiteElo "2272"]
[BlackElo "2307"]
[PlyCount "80"]
[EventDate "2023.12.12"]
[EventType "swiss (blitz)"]
[EventRounds "11"]
[EventCountry "USA"]
[SourceTitle "CB51_2023"]
[SourceDate "2023.12.20"]
[SourceVersion "1"]
[SourceVersionDate "2023.12.20"]
[SourceQuality "1"]

1. d4 Nf6 2. c4 e6 3. g3 d5 4. Bg2 Be7 5. Nf3 0-0 6. 0-0 dxc4 7. Ne5 Nc6 8. Nxc6 bxc6 9. Nc3 Rb8 10. Bxc6 Bb7 11. Bxb7 Rxb7 12. e3 c5 13. Qa4 cxd4 14. Rd1 Rd7 15. exd4 Rxd4 16. Be3 Rxd1+ 17. Rxd1 Qc7 18. Qxa7 Qxa7 19. Bxa7 Ra8 20. Be3 Bb4 21. Rd4 Bxc3 22. bxc3 Rc8 23. a4 Nd5 24. Bd2 Kf8 25. a5 Ke7 26. a6 Kd6 27. a7 Ra8 28. Rxc4 Rxa7 29. Rh4 h6 30. Rg4 g6 31. Bxh6 Nxc3 32. Be3 Ra1+ 33. Kg2 Nd5 34. Rd4 Ra2 35. Rd3 Ke5 36. h4 f5 37. Rb3 Rc2 38. Bb6 f4 39. gxf4+ Nxf4+ 40. Kg3 Rc1 0-1

[Event "Titled Tuesday intern op 12th Dec Early"]
[Site "Chess.com INT"]
[Date "2023.12.12"]
[Round "7"]
[White "Yashmetov, Mikhail"]
[Black "Buscar, Michael"]
[Result "1-0"]
[WhiteElo "2307"]
[BlackElo "2041"]
[PlyCount "67"]
[EventDate "2023.12.12"]
[EventType "swiss (blitz)"]
[EventRounds "11"]
[EventCountry "USA"]
[SourceTitle "CB51_2023"]
[SourceDate "2023.12.20"]
[SourceVersion "1"]
[SourceVersionDate "2023.12.20"]
[SourceQuality "1"]

1. Nf3 d5 2. d4 c5 3. g3 Nc6 4. Bg2 Nf6 5. 0-0 e6 6. c4 Be7 7. Nc3 0-0 8. cxd5 exd5 9. b3 Ne4 10. Bb2 Nxc3 11. Bxc3 Bf6 12. Qd2 Bg4 13. dxc5 d4 14. Bb2 Qe7 15. b4 Rfe8 16. Nxd4 Nxd4 17. Bxd4 Bxe2 18. Bxf6 Qxf6 19. Rfe1 Rad8 20. Qf4 Qxf4 21. gxf4 b6 22. c6 Ba6 23. a4 Kf8 24. b5 Bc8 25. Bf3 Be6 26. Kg2 Rd4 27. Re4 Red8 28. a5 Rxe4 29. Bxe4 Rd4 30. axb6 axb6 31. Ra8+ Ke7 32. f5 Rxe4 33. fxe6 Rxe6 34. c7 1-0

[Event "Titled Tuesday intern op 29th Aug Early"]
[Site "Chess.com INT"]
[Date "2023.08.29"]
[Round "7"]
[White "Perez Gormaz, Matias Ariel"]
[Black "Yashmetov, Mikhail"]
[Result "1-0"]
[WhiteElo "2401"]
[BlackElo "2307"]
[PlyCount "137"]
[EventDate "2023.08.29"]
[EventType "swiss (blitz)"]
[EventRounds "11"]
[EventCountry "USA"]
[SourceTitle "EXT 2024"]
[Source "ChessBase"]
[SourceDate "2023.10.10"]
[SourceVersion "1"]
[SourceVersionDate "2023.10.10"]
[SourceQuality "1"]

1. d4 Nf6 2. Bf4 g6 3. e3 Bg7 4. h3 0-0 5. Nf3 c5 6. c3 b6 7. Be2 Bb7 8. 0-0 d5 9. a4 Nc6 10. Nbd2 Nd7 11. Qb3 e5 12. dxe5 Ndxe5 13. Nxe5 Nxe5 14. a5 d4 15. cxd4 cxd4 16. exd4 Qxd4 17. Be3 Qd5 18. Qxd5 Bxd5 19. axb6 axb6 20. Bxb6 Rab8 21. Bd4 Nc6 22. Bxg7 Kxg7 23. Rfb1 Nd4 24. Bc4 Bxc4 25. Nxc4 Rb4 26. Ne3 Rfb8 27. Ra7 Rxb2 28. Rxb2 Rxb2 29. Nc4 Rb1+ 30. Kh2 Nf5 31. Ne5 Nd6 32. Rd7 Rb6 33. g4 Kf6 34. Nf3 g5 35. h4 h6 36. Ra7 Ne4 37. Kg1 Rb1+ 38. Kg2 Rb2 39. Ra6+ Kg7 40. Nd4 Rxf2+ 41. Kh3 Rd2 42. Nf5+ Kh7 43. Rxh6+ Kg8 44. Ra6 Rd3+ 45. Kg2 Kh7 46. h5 Nd2 47. Rf6 Nc4 48. Rxf7+ Kg8 49. Rg7+ Kh8 50. Rxg5 Nd2 51. Rg6 Ne4 52. Rh6+ Kg8 53. Re6 Ng5 54. Re3 Rd2+ 55. Kg3 Rd7 56. Kf4 Nf7 57. Re8+ Kh7 58. Re7 Rxe7 59. Nxe7 Kg7 60. g5 Nh8 61. g6 Kf6 62. Nd5+ Kg7 63. Kg5 Kg8 64. Kf6 Kf8 65. g7+ Kg8 66. Ne7+ Kh7 67. g8Q+ Kh6 68. Qg5+ Kh7 69. Qg7# 1-0

[Event "Titled Tuesday intern op 29th Aug Early"]
[Site "Chess.com INT"]
[Date "2023.08.29"]
[Round "2"]
[White "Sailer, Mike L"]
[Black "Yashmetov, Mikhail"]
[Result "0-1"]
[WhiteElo "2109"]
[BlackElo "2307"]
[PlyCount "78"]
[EventDate "2023.08.29"]
[EventType "swiss (blitz)"]
[EventRounds "11"]
[EventCountry "USA"]
[SourceTitle "EXT 2024"]
[Source "ChessBase"]
[SourceDate "2023.10.10"]
[SourceVersion "1"]
[SourceVersionDate "2023.10.10"]
[SourceQuality "1"]

1. d4 Nf6 2. Nc3 d5 3. Bg5 Nbd7 4. e4 Nxe4 5. Nxe4 dxe4 6. Bc4 Nf6 7. Qd2 Bf5 8. 0-0-0 e6 9. h3 Be7 10. g4 Bg6 11. f3 e3 12. Bxe3 0-0 13. Ne2 Nd5 14. Bf2 Qd6 15. h4 h6 16. a3 a6 17. Kb1 b5 18. Bd3 Bxd3 19. Qxd3 b4 20. a4 b3 21. cxb3 Rab8 22. Nc1 Qc6 23. g5 Nb4 24. Qe2 hxg5 25. hxg5 Bxg5 26. Rdg1 Qd5 27. Be3 Qf5+ 28. Ka1 Nc2+ 29. Ka2 Nxe3 30. Qh2 f6 31. Qh8+ Kf7 32. Qh5+ Ke7 33. Re1 Nc2 34. Re2 Nb4+ 35. Ka1 Nd3 36. Nxd3 Qxd3 37. Rxe6+ Kxe6 38. Re1+ Kd6 39. Qg4 Rfe8 0-1

[Event "Titled Tuesday intern op 29th Aug Early"]
[Site "Chess.com INT"]
[Date "2023.08.29"]
[Round "6"]
[White "Weishaeutel, Moritz"]
[Black "Yashmetov, Mikhail"]
[Result "0-1"]
[WhiteElo "2427"]
[BlackElo "2307"]
[PlyCount "112"]
[EventDate "2023.08.29"]
[EventType "swiss (blitz)"]
[EventRounds "11"]
[EventCountry "USA"]
[SourceTitle "EXT 2024"]
[Source "ChessBase"]
[SourceDate "2023.10.10"]
[SourceVersion "1"]
[SourceVersionDate "2023.10.10"]
[SourceQuality "1"]

1. e4 c5 2. d4 cxd4 3. c3 dxc3 4. Nxc3 Nc6 5. Nf3 e6 6. Bc4 a6 7. 0-0 b5 8. Bb3 Na5 9. Re1 Nxb3 10. axb3 Bb7 11. Nd5 Ne7 12. Bg5 h6 13. Bh4 exd5 14. exd5 d6 15. Nd4 g5 16. Bg3 Qd7 17. Qf3 Rg8 18. Nf5 Rg6 19. Nd4 Rc8 20. Re3 Bg7 21. Nf5 Be5 22. Bxe5 Qxf5 23. Qg3 Nxd5 24. Ree1 Re6 25. Bxd6 Nf4 26. Bxf4 Qxf4 27. Qh3 Rcc6 28. Qxh6 Ke7 29. Qh8 Rxe1+ 30. Rxe1+ Re6 31. Rd1 Rd6 32. Re1+ Re6 33. Rd1 Qc7 34. Qd4 Kf8 35. Qb4+ Kg7 36. Qd4+ Qe5 37. Qd2 Qe4 38. Qxg5+ Rg6 39. Qxg6+ Kxg6 40. f3 Qe3+ 41. Kh1 Qe2 42. Rd6+ Kg7 43. h4 Bxf3 44. gxf3 Qxf3+ 45. Kh2 Qf4+ 46. Kh3 Qxd6 47. h5 Qe5 48. h6+ Kxh6 49. b4 Qxb2 50. Kg4 Qxb4+ 51. Kf5 Qc4 52. Kf6 a5 53. Ke7 a4 54. Kf8 a3 55. Kg8 a2 56. Kh8 a1Q+ 0-1

[Event "Titled Tuesday intern op 29th Aug Early"]
[Site "Chess.com INT"]
[Date "2023.08.29"]
[Round "8"]
[White "Yashmetov, Mikhail"]
[Black "Agibileg, Uurtsaikh"]
[Result "0-1"]
[WhiteElo "2307"]
[BlackElo "2441"]
[PlyCount "64"]
[EventDate "2023.08.29"]
[EventType "swiss (blitz)"]
[EventRounds "11"]
[EventCountry "USA"]
[SourceTitle "EXT 2024"]
[Source "ChessBase"]
[SourceDate "2023.10.10"]
[SourceVersion "1"]
[SourceVersionDate "2023.10.10"]
[SourceQuality "1"]

1. d4 Nf6 2. c4 g6 3. Nf3 Bg7 4. g3 0-0 5. Bg2 d6 6. Nc3 c5 7. d5 e6 8. 0-0 exd5 9. cxd5 a6 10. a4 Nbd7 11. h3 Rb8 12. Bf4 Ne8 13. Bg5 Ndf6 14. Bf4 b5 15. axb5 axb5 16. Nd2 b4 17. Na4 Nh5 18. Be3 Nc7 19. Nc4 Nb5 20. g4 Nf6 21. Bf4 Bb7 22. e4 Re8 23. e5 dxe5 24. Bxe5 Ra8 25. Nxc5 Rxa1 26. Qxa1 Bxd5 27. Bxf6 Bxf6 28. Ne3 Bxg2 29. Kxg2 Bd4 30. Qa4 Qb6 31. Rc1 Bxc5 32. Nd5 Qc6 0-1

[Event "Titled Tuesday intern op 15th Aug Early"]
[Site "Chess.com INT"]
[Date "2023.08.15"]
[Round "4"]
[White "Starozhilov, Leonid"]
[Black "Yashmetov, Mikhail"]
[Result "1/2-1/2"]
[WhiteElo "2294"]
[BlackElo "2307"]
[PlyCount "188"]
[EventDate "2023.08.15"]
[EventType "swiss (blitz)"]
[EventRounds "11"]
[EventCountry "USA"]
[SourceTitle "EXT 2024"]
[Source "ChessBase"]
[SourceDate "2023.10.10"]
[SourceVersion "1"]
[SourceVersionDate "2023.10.10"]
[SourceQuality "1"]

1. e4 c5 2. Nf3 Nc6 3. Nc3 e5 4. Bc4 d6 5. d3 Be7 6. Ng5 Bxg5 7. Qh5 g6 8. Qxg5 Qxg5 9. Bxg5 Be6 10. Nd5 Kd7 11. c3 Rb8 12. a4 Nce7 13. Bb5+ Nc6 14. b4 a6 15. Bc4 b5 16. axb5 axb5 17. Bb3 cxb4 18. cxb4 Rb7 19. Be3 Nxb4 20. Nxb4 Bxb3 21. Kd2 Ne7 22. Rhb1 Be6 23. Ra6 Rc8 24. Rba1 Nc6 25. Rb1 Nxb4 26. Rxb4 Rcb8 27. f4 exf4 28. Bxf4 Rb6 29. Ra7+ R8b7 30. Ra8 Rb8 31. Ra5 R8b7 32. Be3 Rc6 33. Rbxb5 Rxb5 34. Rxb5 Rc7 35. Bf4 Rc6 36. Rb7+ Rc7 37. Rb8 Rc8 38. Rxc8 Kxc8 39. Bxd6 Kd7 40. Be5 f5 41. Ke3 fxe4 42. Kxe4 Kc6 43. g3 Bf5+ 44. Kd4 g5 45. Bf6 g4 46. Ke3 Kd5 47. d4 h5 48. Kf4 Bd7 49. Be5 Be8 50. Kg5 Ke6 51. Kh6 Bf7 52. Kg7 Be8 53. Kf8 Bg6 54. Bf4 Kd5 55. Kg7 Be8 56. Be3 Ke6 57. Bf2 Kd5 58. Kf6 Bd7 59. Kf7 Bc6 60. Be3 Bd7 61. Ke7 Bc6 62. Kf6 Bd7 63. Kg5 Be8 64. Kh4 Bf7 65. Bf4 Be8 66. Be5 Bf7 67. h3 Be8 68. hxg4 hxg4 69. Kxg4 Ke6 70. Kg5 Bf7 71. Kh6 Kf5 72. Kg7 Bd5 73. Kf8 Ke4 74. Ke7 Bc4 75. Kd6 Bg8 76. Kc5 Kf5 77. Bf4 Ke4 78. Bd2 Bf7 79. g4 Be6 80. g5 Bf7 81. Ba5 Kf5 82. Bd8 Ke4 83. Bf6 Bd5 84. g6 Bg8 85. g7 Kf5 86. Be5 Ke6 87. Kc6 Kf5 88. Kd7 Kg6 89. Ke7 Bf7 90. Kd6 Bg8 91. d5 Kf5 92. Bb2 Ke4 93. Kd7 Bxd5 94. g8Q Bxg8 1/2-1/2

[Event "Titled Tuesday intern op 15th Aug Early"]
[Site "Chess.com INT"]
[Date "2023.08.15"]
[Round "3"]
[White "Yashmetov, Mikhail"]
[Black "Korchmar, Vasiliy"]
[Result "1-0"]
[WhiteElo "2307"]
[BlackElo "2438"]
[PlyCount "55"]
[EventDate "2023.08.15"]
[EventType "swiss (blitz)"]
[EventRounds "11"]
[EventCountry "USA"]
[SourceTitle "EXT 2024"]
[Source "ChessBase"]
[SourceDate "2023.10.10"]
[SourceVersion "1"]
[SourceVersionDate "2023.10.10"]
[SourceQuality "1"]

1. d4 Nf6 2. c4 c6 3. Nf3 d5 4. g3 g6 5. Bg2 Bg7 6. 0-0 0-0 7. Qb3 a5 8. cxd5 a4 9. Qd1 cxd5 10. Nc3 Nc6 11. Nxa4 Ne4 12. Nc3 Qa5 13. Qb3 Be6 14. e3 Qa6 15. Nd2 Na5 16. Qb4 Nxc3 17. bxc3 Bf6 18. Rb1 Rfc8 19. e4 dxe4 20. Nxe4 Bxa2 21. Ra1 Nb3 22. Nxf6+ exf6 23. Bxb7 Qe2 24. Bxc8 Rxc8 25. Qb7 Rxc3 26. Bh6 Qe6 27. Rxa2 Rc8 28. Ra8 1-0

[Event "Titled Tuesday intern op 08th Aug Early"]
[Site "Chess.com INT"]
[Date "2023.08.08"]
[Round "5"]
[White "Kleiman, Jake"]
[Black "Yashmetov, Mikhail"]
[Result "1-0"]
[WhiteElo "2399"]
[BlackElo "2307"]
[PlyCount "75"]
[EventDate "2023.08.08"]
[EventType "swiss (blitz)"]
[EventRounds "11"]
[EventCountry "USA"]
[SourceTitle "EXT 2024"]
[Source "ChessBase"]
[SourceDate "2023.10.10"]
[SourceVersion "1"]
[SourceVersionDate "2023.10.10"]
[SourceQuality "1"]

1. e4 c5 2. Nf3 Nc6 3. c3 d5 4. exd5 Qxd5 5. d4 Nf6 6. Na3 cxd4 7. Nb5 Qd8 8. Nbxd4 Nxd4 9. Nxd4 e6 10. Bd3 Be7 11. 0-0 0-0 12. Qe2 Bd7 13. Bf4 Qb6 14. Rad1 Rfd8 15. Rfe1 Ba4 16. Rd2 Rd7 17. Qf3 Rad8 18. Rde2 a6 19. Qh3 Bb5 20. Bxb5 axb5 21. a3 Nd5 22. Bc1 Bf6 23. Nf3 Ne7 24. Qg4 Ng6 25. h4 Qc5 26. h5 Nf8 27. h6 Ng6 28. hxg7 Bxg7 29. Bg5 Re8 30. Qh3 Qc4 31. Bc1 Nf4 32. Bxf4 Qxf4 33. Re4 Qf6 34. Qh5 Qg6 35. Qxb5 Rd5 36. Qxe8+ Bf8 37. Ne5 Qf5 38. Rg4+ 1-0

[Event "Titled Tuesday intern op 08th Aug Early"]
[Site "Chess.com INT"]
[Date "2023.08.08"]
[Round "1"]
[White "Yashmetov, Mikhail"]
[Black "Aravindh, Chithambaram VR"]
[Result "0-1"]
[WhiteElo "2307"]
[BlackElo "2645"]
[PlyCount "128"]
[EventDate "2023.08.08"]
[EventType "swiss (blitz)"]
[EventRounds "11"]
[EventCountry "USA"]
[SourceTitle "EXT 2024"]
[Source "ChessBase"]
[SourceDate "2023.10.10"]
[SourceVersion "1"]
[SourceVersionDate "2023.10.10"]
[SourceQuality "1"]

1. d4 Nf6 2. c4 b6 3. Nf3 Bb7 4. g3 Bxf3 5. exf3 e6 6. f4 d5 7. Bg2 c6 8. 0-0 Be7 9. b3 0-0 10. Ba3 Bxa3 11. Nxa3 Qd6 12. Nc2 Nbd7 13. Qd2 Rfd8 14. Rfd1 g6 15. Ne3 a5 16. Rac1 h5 17. h4 Rac8 18. Qb2 b5 19. c5 Qc7 20. a3 Ne8 21. Qc2 Ndf6 22. Nf1 Ng7 23. Nd2 Nf5 24. Nf3 Qe7 25. Ne5 Nd7 26. Bh3 Ng7 27. Qe2 Nxe5 28. fxe5 b4 29. a4 g5 30. hxg5 Qxg5 31. Qe3 Qg6 32. Qf4 Kf8 33. Bf1 Ke7 34. Bd3 f5 35. exf6+ Qxf6 36. Qxf6+ Kxf6 37. Re1 Rh8 38. Re5 Rcf8 39. Rce1 Ke7 40. Kg2 Rf6 41. f4 Kf7 42. R5e2 h4 43. Re3 hxg3 44. Rxg3 Nh5 45. Rg4 Nxf4+ 46. Rxf4 Rxf4 47. Re3 Rg8+ 48. Kh2 Rh4+ 49. Rh3 Rgh8 50. Rxh4 Rxh4+ 51. Kg3 Rxd4 52. Ba6 Kf6 53. Bb7 Rd3+ 54. Kf4 Rc3 55. Bxc6 e5+ 56. Kg4 Rxc5 57. Bb5 e4 58. Kf4 Rc3 59. Ba6 Rf3+ 60. Kg4 Ke5 61. Bb7 Rxb3 62. Kg5 d4 63. Ba6 d3 64. Bc4 Rc3 0-1

[Event "Titled Tuesday intern op 08th Aug Early"]
[Site "Chess.com INT"]
[Date "2023.08.08"]
[Round "4"]
[White "Yashmetov, Mikhail"]
[Black "Tregubov, Pavel V"]
[Result "1/2-1/2"]
[WhiteElo "2307"]
[BlackElo "2567"]
[PlyCount "129"]
[EventDate "2023.08.08"]
[EventType "swiss (blitz)"]
[EventRounds "11"]
[EventCountry "USA"]
[SourceTitle "EXT 2024"]
[Source "ChessBase"]
[SourceDate "2023.10.10"]
[SourceVersion "1"]
[SourceVersionDate "2023.10.10"]
[SourceQuality "1"]

1. d4 Nf6 2. c4 e6 3. g3 Bb4+ 4. Bd2 Qe7 5. Nf3 Bxd2+ 6. Qxd2 Nc6 7. Nc3 d5 8. b3 0-0 9. Bg2 Rd8 10. 0-0 dxc4 11. bxc4 Nxd4 12. Nxd4 e5 13. e3 c5 14. Nd5 Nxd5 15. Bxd5 exd4 16. exd4 cxd4 17. Qxd4 Be6 18. Rad1 Bxd5 19. cxd5 Rd6 20. Rd2 b6 21. Rfd1 Rc8 22. Qf4 h6 23. h4 Rc5 24. Qf3 Qd7 25. Kg2 Rf6 26. Qe4 Rd6 27. Qf3 Qd8 28. Qe4 Qf6 29. Qf3 Qxf3+ 30. Kxf3 f5 31. h5 Kf7 32. Kf4 Kf6 33. Rd4 Ra5 34. R1d2 Rc5 35. R4d3 Rc4+ 36. Kf3 Kg5 37. Re3 Rc7 38. Re6 Rcd7 39. Re5 Rf7 40. Re6 Rxe6 41. dxe6 Re7 42. Rd7 Kf6 43. Rd5 Kxe6 44. Rd1 Rc7 45. Re1+ Kf6 46. Rd1 Rc3+ 47. Kf4 Rc4+ 48. Kf3 Ra4 49. Rd2 Ra3+ 50. Kf4 Ra4+ 51. Kf3 Kg5 52. Rd7 Rxa2 53. Rxg7+ Kxh5 54. Kf4 b5 55. Kxf5 Rxf2+ 56. Ke4 Rb2 57. Rxa7 Kg4 58. Rh7 Kh3 59. Rxh6+ Kxg3 60. Rb6 Kf2 61. Kd4 Ke2 62. Kc5 Rc2+ 63. Kxb5 Rb2+ 64. Kc6 Rxb6+ 65. Kxb6 1/2-1/2

[Event "Titled Tuesday intern op 01st Aug Early"]
[Site "Chess.com INT"]
[Date "2023.08.01"]
[Round "4"]
[White "Thiel, Thomas"]
[Black "Yashmetov, Mikhail"]
[Result "0-1"]
[WhiteElo "2148"]
[BlackElo "2307"]
[PlyCount "38"]
[EventDate "2023.08.01"]
[EventType "swiss (blitz)"]
[EventRounds "11"]
[EventCountry "USA"]
[SourceTitle "EXT 2024"]
[Source "ChessBase"]
[SourceDate "2023.10.10"]
[SourceVersion "1"]
[SourceVersionDate "2023.10.10"]
[SourceQuality "1"]

1. e4 c5 2. Nc3 d6 3. f4 g6 4. Nf3 Bg7 5. Bc4 Nc6 6. 0-0 e6 7. f5 exf5 8. Qe1 Nge7 9. d3 h6 10. Qg3 Be6 11. Nb5 Ne5 12. Bf4 Bxc4 13. Bxe5 Bxe5 14. Nxe5 Bxb5 15. Nf3 Qd7 16. c4 Bc6 17. Rae1 0-0-0 18. e5 Bxf3 19. Rxf3 Nc6 0-1

[Event "Titled Tuesday intern op 01st Aug Early"]
[Site "Chess.com INT"]
[Date "2023.08.01"]
[Round "8"]
[White "Tqebuchava, Zurab"]
[Black "Yashmetov, Mikhail"]
[Result "0-1"]
[WhiteElo "2303"]
[BlackElo "2307"]
[PlyCount "126"]
[EventDate "2023.08.01"]
[EventType "swiss (blitz)"]
[EventRounds "11"]
[EventCountry "USA"]
[SourceTitle "EXT 2024"]
[Source "ChessBase"]
[SourceDate "2023.10.10"]
[SourceVersion "1"]
[SourceVersionDate "2023.10.10"]
[SourceQuality "1"]

1. e4 c5 2. Nf3 Nc6 3. Bb5 d6 4. Bxc6+ bxc6 5. h3 e5 6. 0-0 Be7 7. Nc3 f5 8. d3 Nf6 9. exf5 Bxf5 10. Nh2 0-0 11. f4 exf4 12. Bxf4 Nd5 13. Nxd5 cxd5 14. Qh5 Bf6 15. c3 Rb8 16. Kh1 g6 17. Qf3 Rxb2 18. Qxd5+ Kg7 19. Rab1 Qb6 20. Rxb2 Qxb2 21. Qxd6 Rd8 22. Bh6+ Kf7 23. Qxc5 Qb7 24. Ng4 Rxd3 25. Qc4+ Qd5 26. Qxd5+ Rxd5 27. Nxf6 Kxf6 28. g4 Rd3 29. Kh2 Rxc3 30. gxf5 Rc2+ 31. Kg3 Rxa2 32. fxg6+ Kxg6 33. Be3 Ra3 34. Kf3 a5 35. Rg1+ Kf7 36. Rc1 a4 37. Rc7+ Kg6 38. Ra7 Ra2 39. h4 Ra1 40. Kg4 Re1 41. Bf4 Rg1+ 42. Bg3 h5+ 43. Kf3 Rf1+ 44. Kg2 Ra1 45. Ra5 Ra2+ 46. Kf3 Ra3+ 47. Ke4 Rxg3 48. Kf4 Rg4+ 49. Kf3 Rxh4 50. Kg3 Rb4 51. Kh3 Rb3+ 52. Kg2 a3 53. Ra6+ Kf5 54. Ra5+ Ke4 55. Rxh5 Kd3 56. Rh8 Kc2 57. Rc8+ Kb1 58. Kf2 a2 59. Ke2 a1Q 60. Rd8 Qe5+ 61. Kf2 Qf6+ 62. Kg2 Qxd8 63. Kf2 Qf6+ 0-1

[Event "Titled Tuesday intern op 01st Aug Early"]
[Site "Chess.com INT"]
[Date "2023.08.01"]
[Round "3"]
[White "Yashmetov, Mikhail"]
[Black "Doluhanova, Evgeniya"]
[Result "1-0"]
[WhiteElo "2307"]
[BlackElo "2260"]
[PlyCount "47"]
[EventDate "2023.08.01"]
[EventType "swiss (blitz)"]
[EventRounds "11"]
[EventCountry "USA"]
[SourceTitle "EXT 2024"]
[Source "ChessBase"]
[SourceDate "2023.10.10"]
[SourceVersion "1"]
[SourceVersionDate "2023.10.10"]
[SourceQuality "1"]

1. d4 Nf6 2. c4 e6 3. g3 d5 4. Bg2 Bb4+ 5. Bd2 Be7 6. Nf3 0-0 7. 0-0 c6 8. Qc2 Nbd7 9. Rd1 b6 10. b3 a5 11. Bc3 Ba6 12. Nbd2 Rc8 13. e4 dxe4 14. Nxe4 Nxe4 15. Qxe4 Bf6 16. Ne5 Bb7 17. Nxd7 Qxd7 18. c5 Qc7 19. Rac1 b5 20. Qf3 Rfd8 21. d5 cxd5 22. Bxf6 gxf6 23. Qxf6 Re8 24. Rd4 1-0

[Event "Titled Tuesday intern op 01st Aug Early"]
[Site "Chess.com INT"]
[Date "2023.08.01"]
[Round "1"]
[White "Yashmetov, Mikhail"]
[Black "Nguyen, Ngoc Truong Son"]
[Result "0-1"]
[WhiteElo "2307"]
[BlackElo "2641"]
[PlyCount "126"]
[EventDate "2023.08.01"]
[EventType "swiss (blitz)"]
[EventRounds "11"]
[EventCountry "USA"]
[SourceTitle "EXT 2024"]
[Source "ChessBase"]
[SourceDate "2023.10.10"]
[SourceVersion "1"]
[SourceVersionDate "2023.10.10"]
[SourceQuality "1"]

1. d4 g6 2. c4 Bg7 3. Nf3 d6 4. g3 e5 5. Nc3 Nc6 6. dxe5 Nxe5 7. Bg2 Ne7 8. Nxe5 dxe5 9. Qxd8+ Kxd8 10. 0-0 c6 11. Rd1+ Kc7 12. Bg5 f6 13. Be3 Be6 14. b3 Rhd8 15. Bc5 Nf5 16. e3 b6 17. Ba3 Bf8 18. Bxf8 Rxf8 19. c5 b5 20. g4 Ne7 21. h3 Rad8 22. Kf1 f5 23. gxf5 gxf5 24. Rxd8 Rxd8 25. Rd1 Rxd1+ 26. Nxd1 a5 27. Ke2 b4 28. Kd2 Ng8 29. f4 Nf6 30. Nb2 e4 31. Bf1 Nd7 32. Na4 Bf7 33. Be2 Kd8 34. Bd1 Ke7 35. Ke1 Kd8 36. Be2 Kc7 37. Kf2 Nf6 38. Ke1 Bh5 39. Bxh5 Nxh5 40. Ke2 Nf6 41. Nb2 Nd7 42. Na4 Kb7 43. Kd2 Ka6 44. Nb2 Nxc5 45. Nc4 Nb7 46. Ne5 Kb5 47. Nf7 c5 48. Kc2 c4 49. h4 a4 50. h5 cxb3+ 51. axb3 axb3+ 52. Kxb3 Nc5+ 53. Kb2 Ka4 54. Ng5 Nd3+ 55. Kc2 b3+ 56. Kc3 b2 57. Kc2 Ka3 58. Kb1 Nb4 59. Ne6 Nd5 60. Kc2 Nxe3+ 61. Kd2 b1Q 62. Kxe3 Qb3+ 63. Kd4 Qxe6 0-1